| 000 | 00712nam a2200217Ia 4500 | ||
|---|---|---|---|
| 008 | 191130s2007##################000#0#eng## | ||
| 020 | _a9780521040075 | ||
| 040 |
_aACL _cACL |
||
| 082 | _a302.23 DIC | ||
| 100 | _aDickey, Sara | ||
| 245 |
_aCinema and the urban poor in south India _cSara Dickey |
||
| 260 |
_aCambridge _bCambridge University Press _c2007 |
||
| 300 | _axiv, 213 p. : ill., map ; 23 cm | ||
| 500 | _aFirst published in 1993. This digitally printed version 2007 | ||
| 650 | _aFilm Theory & Criticism | ||
| 650 | _aMotion pictures - Social aspects - India - Tamil Nadu | ||
| 650 | _aPopular culture | ||
| 990 | _abe1bcc05ac10000c52d8893107c6d884 | ||
| 991 | _a230376 | ||
| 999 |
_c251382 _d251382 |
||